000 00837nab a2200241 u 4500
001 08617
003 HDC
007 cr bn ---aaaaa
008 210130c2013 my dr|nes 0 a may d
040 _aHDC
100 _aAhmad Isyafiq Mad Desa
_eauthor
_99090
245 0 _aPerkukuh 9 Inisiatif / oleh
_cAhmad Isyafiq Mad Desa
260 _aKuala Lumpur :
_bThe New Straits Times Press (M) Bhd.,
_c2013
336 _atext
_2rdacontent
337 _acomputer
_2rdamedia
338 _aonline resource
_2rdacarrier
650 _abusiness development
_99091
650 _aentrepreneurship
_zMalaysia
_91841
856 _zRequest full-text at [email protected]
942 _2lcc
942 _cNEWS
942 _kNWSC 002372
999 _c5940
_d5940